Legislación atinente a menores en las Américas
Guardat en:
| Autor corporatiu: | |
|---|---|
| Format: | Llibre |
| Idioma: | espanyol |
| Publicat: |
Montevideo
Instituto Interamericano del Niño
1959
|
| Matèries: | |
| Etiquetes: |
Afegir etiqueta
Sense etiquetes, Sigues el primer a etiquetar aquest registre!
|
MARC
| LEADER | 00000nam a2200000 a 4500 | ||
|---|---|---|---|
| 001 | UCY4497 | ||
| 003 | CL-VaPUC | ||
| 008 | 950314e19590000UY |||||||||||||||||spa|d | ||
| 082 | 0 | 4 | |a 346.013 |b INS |2 21 |
| 110 | 2 | |a Instituto Interamericano del Niño |e author |9 332973 | |
| 245 | 1 | 0 | |a Legislación atinente a menores en las Américas |
| 300 | |a v | ||
| 942 | |c BK | ||
| 945 | |d 19950314 00:00:00 |a aalvarez | ||
| 260 | |a Montevideo |b Instituto Interamericano del Niño |c 1959 | ||
| 650 | 7 | |a NIÑOS SITUACION JURIDICA |2 CL-VaPUC |9 332974 | |
| 583 | |a last modification |c 19950314 00:00:00 |k Rodrigo Vera | ||
| 999 | |c 232340 |d 232338 | ||
| 952 | |0 0 |1 0 |4 0 |6 346_013000000000000_INS_1959 |7 0 |8 P |9 236524 |a BIBDER |b BIBDER |d 2019-11-15 |h v.1 p.1 |i 186260K |o 346.013 INS 1959 |p 186260K |r 2023-01-25 |w 2019-11-15 |y BK |k DER | ||
| 952 | |0 0 |1 0 |4 0 |6 346_013000000000000_INS_1959 |7 0 |8 P |9 236525 |a BIBDER |b BIBDER |d 2019-11-15 |h v.2 p.2 |i 1862618 |o 346.013 INS 1959 |p 1862618 |r 2023-01-25 |w 2019-11-15 |y BK |k DER | ||
| 952 | |0 0 |1 0 |4 0 |6 346_013000000000000_INS_1959 |7 0 |8 P |9 236526 |a BIBDER |b BIBDER |d 2019-11-15 |h v.3 p.2 |i 1862626 |o 346.013 INS 1959 |p 1862626 |r 2023-01-25 |w 2019-11-15 |y BK |k DER | ||